Adoquines de concreto

Bibliographic Details
Format: Section = Libro
Language:Undetermined
Spanish
Published: México Limusa 1988
Subjects:
LEADER 00430nam a2200169Ia 4500
008 240829s9999 xx 000 0 und d
020 |a 968-18-2722-8 
040 |a BIBLIOTECA-RUPAP 691 I59 
041 |a spa 
082 |a 691 I59 
245 1 0 |a Adoquines de concreto 
260 |a México  |b Limusa  |c 1988 
300 |a 135 p. :il. 
650 7 |a MATERIALES DE CONSTRUCCION-ADOQUINES. I. Tít. 
942 |c BK  |2 ddc 
991 |a TEXTO 
999 |c 9094